00664cam a22002171i 450000100060000000300080000600500170001400800390003103500190007003500190008904000330010804100080014108200200014910000480016924500530021726000450027030000270031550000560034250400190039860000290041717328BD-RjUL20211209000125.0140216s1951 xx 001 0 eng a(BD-RjUL)17386 a(OCoLC)2589114 aDLCcOKentUdODaWUdDLCbeng aeng a811.5bWAE 19511 aWatts, Harold H.q(Harold Holliday),d1906-10aEzra Pound and The cantos /cby Harold H. Watts. aChicago :bHenry Regnery Company,c1951. a[1]-132 p. ;c21.6 cm. aBound in black cloth; stamped in gold. Dust jacket. aIncludes index10aPound, Ezra,d1885-1972.